| 000 | 00572cam a2200217ua 4500 | ||
|---|---|---|---|
| 020 | _c22.50 | ||
| 041 |
_aeng _h |
||
| 082 |
_a512 _bJOH/MO |
||
| 100 | _aJohnson, Richard E . | ||
| 245 |
_aModern algebra: second course / _cRichard E Johnson. _hTextual Documents |
||
| 250 |
_a1 / _b. |
||
| 260 |
_aLondon : _bAddison-Wesley Publishing Company , _c1964. |
||
| 300 | _a594 ; . | ||
| 365 | _a22.50 | ||
| 504 | _a | ||
| 700 | 1 | _aBates, Grace E . | |
| 700 | 1 | _aLendsey, Lona Lee . | |
| 700 | 1 | _aSlesnick, Willaim E . | |
| 942 | _cBK | ||
| 999 |
_c9149 _d9149 |
||